File structures : conceptual tool kit with C++ (Record no. 175630)

MARC details
000 -LEADER
fixed length control field 00424nam a2200157Ia 4500
008 - FIXED-LENGTH DATA ELEMENTS--GENERAL INFORMATION
fixed length control field 231217s9999 xx 000 0 und d
041 ## - LANGUAGE CODE
Language code of text/sound track or separate title English
082 ## - DEWEY DECIMAL CLASSIFICATION NUMBER
Classification number 001.64 BAI;1 R
100 ## - MAIN ENTRY--PERSONAL NAME
Personal name Baitipuli, Venkatesh N
245 #0 - TITLE STATEMENT
Title File structures : conceptual tool kit with C++
250 ## - EDITION STATEMENT
Edition statement 1st ed.
260 ## - PUBLICATION, DISTRIBUTION, ETC.
Date of publication, distribution, etc. 2004
Name of publisher, distributor, etc. Sapna
Place of publication, distribution, etc. Bangalore
300 ## - PHYSICAL DESCRIPTION
Extent xvi+528
650 ## - SUBJECT ADDED ENTRY--TOPICAL TERM
Topical term or geographic name entry element structures,:,conceptual,tool,C++
942 ## - ADDED ENTRY ELEMENTS (KOHA)
Koha item type Books
Holdings
Date last seen Total checkouts Full call number Accession number Cost, total (INR) price Price effective from Category Lost status Damaged status Department Withdrawn status Home library Current library Shelving location Entry date Vendor Cost, normal purchase price Grants Billnumber Billdate Currency symbol Conversion rate Discount Old discount Public note
26/01/2024   001.64 BAI;1 R 36465 200.00 26/01/2024 Books     Central Library   Central Library Central Library Central Library 13/06/2005 Sapna Book House 250.00 IS 27804 30/12/2003 RS 1 50 20  
26/01/2024   001.64 BAI;2 R1 36466 200.00 26/01/2024 Books     Central Library   Central Library Central Library Central Library 13/06/2005 Sapna Book House 250.00 IS 27804 30/12/2003 RS 1 50 20  
26/01/2024   001.64 BAI;3 36467 200.00 26/01/2024 Books     Central Library   Central Library Central Library Central Library 13/06/2005 Sapna Book House 250.00 IS 27804 30/12/2003 RS 1 50 20  
26/01/2024   001.64 BAI;4 48845 205.00 26/01/2024 Books     Central Library   Central Library Central Library SC-ST 02/04/2008 Sapna Book House 250.00 SC-ST 47601 19/03/2009 RS 1 45 18 SC-ST (1424)
26/01/2024   001.64 BAI;5 48846 205.00 26/01/2024 Books     Central Library   Central Library Central Library SC-ST 02/04/2008 Sapna Book House 250.00 SC-ST 47601 21/02/2009 RS 1 45 18 SC-ST (1425)

© For any Suggestions or Query, please contact the library staff @ librarian@pes.edu or Phone: +9180 2672 1983/ 2108.